000 01011nam a22003257a 4500
003 CHAP
005 20220329141603.0
008 971013s1972 r 00010 d
010 _a70556
011 _a71528
035 _a81082
040 _cCHAP
082 _a589.95
_bE38 1972
100 0 0 _aEdwards, P. R.
_935726
245 _aIdentification of enterobacteriaceae
250 _a3 ed.
260 _aMinneapolis :
_bBurgess,
_c1972
300 _a362 p.
590 _aBATCH-UPD
_b10
_c20130110
_lUCH01
_h0507
590 _aBATCH-UPD
_b10
_c20130410
_lUCH01
_h0145
590 _aBATCH-UPD
_b10
_c20130914
_lUCH01
_h0521
590 _aCONVERSION
_b10
_c20130109
_lUCH01
_h1339
650 1 4 _aBacteriología.
_99330
650 1 4 _aEnterobacterias.
_937108
700 0 _aEwing, W. H.
_939021
901 _aBK
942 _cLIBRO
949 _a589.95 E38 1972
_bBC
_cLIBRO
_d33724000354270
_eLIBRO
_h31573
_i81082
_si
_t195.00
949 _a589.95 E38 1972
_bBC
_cLIBRO
_d33724000354288
_eLIBRO
_fc.2
_h31574
_i81082
_si
_t195.00
999 _c70556
_d70556